000 00855nam a2200205Ii 4500
003 JO-AjNU
008 230605s9999||||xx |||||||||||||| ||und||
020 _a9960-24-474-1
040 _aJO-AjNU
_bara
_erda
_cJO-AjNU
041 _aara
050 1 4 _aHD30.2.T8712.2000
100 3 _aتوربان، ايفرام؛ تعريب سرور علي ابرهيم سرور؛ مراجعة محمد يحيى عبدالرحمن؛ تقديم عبدالله بن سليمان العزاز,
_eauthor
_945090
245 0 0 _aنظم دعم الادارة:نظم دعم القرارات ونظم الخبرة
264 3 1 _aالرياض:دار المريخ للنشر،2000
300 _a1155
336 _atext
_btxt
_2rdacontent
337 _aunmediated
_bn
_2rdamedia
338 _avolume
_bnc
_2rdacarrier
650 4 _aالادارة-تخزين المعلومات
_945091
999 _aA19520
_c23088
_d23088